00269nam a2200097Ia 4500008004100000041000800041082000800049100002000057245004400077260005000121230511s1984 xx 000 0 und d aeng a342 aPollard Davidq  aConstitutional and Administrative Law  aNew DelhibButterworth Legal Publishersc1984